000 00776nam a2200193 i 4500
001 154524
003 ES-MaACL
005 20250816063142.0
008 931025s1873 sp |||| | spa d
100 1 _aGonzález y Díaz Tuñón, Ceferino,
_d1831-1894
_9149958
245 1 0 _aEstudios religiosos, filosóficos, científicos y sociales /
_cpor Zeferino González.
260 _aMadrid :
_b[s.n.],
_c1873 (
_fImprenta de Policarpo López)
300 _a2 v.(XXXIX, 348; 415) ;
_c22 cm.
505 8 _aVol. I: La filosofía de la historia. La inmortalidad del alma y sus destinos. El positivismo materialista
597 _aPort. con esc. lit.
650 7 _aReligión y ciencia
_2embne
_916806
852 _aES-MaACL
_jF-7902-03
_z-- Rúst.
999 _c154524
_d154524